| 000 | 00865cam a2200277 4500 | ||
|---|---|---|---|
| 008 | 090401t1992 xxu||||| |||| 00| 0 eng d | ||
| 020 | _a0851217745 | ||
| 035 | _a(Sirsi) u62584 | ||
| 041 | _aeng | ||
| 050 | _a346.4307 | ||
| 100 | _aBoecker, Michael H. | ||
| 245 | _aGermany: practical commercial law. | ||
| 260 |
_aLondon _bLongman _c1992 |
||
| 300 | _ax,161p. ; 22cm. | ||
| 350 | _a30 | ||
| 490 | _aEuropean Commercial Law Series | ||
| 520 | _aAfter an introduction explaining the legal profession and court system in Germany, the book provides a brief guide to all aspects of German commercial law. | ||
| 650 | _aCOMMERCIAL LAW | ||
| 690 | _aOVERSEAS-EUROPE | ||
| 700 | _aMaerzheuser, Babette | ||
| 700 | _aNusser, Michael | ||
| 700 | _aScheja, Katharina | ||
| 700 |
_aHudson, Alexis Maitland _xEditor |
||
| 942 | _n0 | ||
| 948 | _c04/03/1997 | ||
| 999 |
_c94448 _d94448 |
||